A DICTIONARY of geography

Bibliographic Details
Format: Book
Published: Oxford [England] ; New York : Oxford University Press , 1997
Edition:2nd ed.
Series:Oxford paperback reference
Subjects:

MARC

LEADER 00000cam a2200000 7i4500
001 0000000475
005 20000822.0
020 0 0 |a 0192800345 
090 0 0 |a R910.3   |b DIC 1997 
245 0 2 |a A DICTIONARY of geography   |c Susan Mayhew 
250 0 0 |a 2nd ed. 
260 0 0 |a Oxford [England] ; New York :   |b Oxford University Press ,   |c 1997 
300 |a 460 p. :   |b ill., maps ;   |c 20 cm. 
440 0 0 |a Oxford paperback reference 
500 0 0 |a Rev. ed. of: The concise Oxford dictionary of geography / Susan Mayhew and Anne Penny. 1992 
650 0 0 |a Geography   |x Dictionaries 
999 |a 0000001610   |b Monograph   |c Reference   |e Default branch